[Event "Madrid-ch Previa-A"]
[Site "Madrid"]
[Date "2017.02.14"]
[Round "5"]
[White "Rodriguez Bachiller, Luis"]
[Black "Serrano Gonzalez, Oscar"]
[Result "0-1"]
[WhiteElo "1656"]
[BlackElo "1739"]
[PlyCount "140"]
[EventDate "2017.02.06"]
[EventType "swiss"]
[EventRounds "9"]
[EventCountry "ESP"]
[SourceTitle "CBM 177 Extra"]
[Source "ChessBase"]
[SourceDate "2017.04.27"]
[SourceVersion "1"]
[SourceVersionDate "2017.04.27"]
[SourceQuality "1"]

1. e4 c5 2. Nf3 d6 3. Bc4 Nc6 4. c3 Nf6 5. d3 g6 6. Bg5 Bg7 7. Nbd2 0-0 8. 0-0 a6 9. Bb3 b5 10. h3 Bb7 11. Bc2 Qb6 12. Rb1 a5 13. Re1 e5 14. Be3 Nh5 15. Kh2 Qc7 16. g3 Rac8 17. g4 Nf4 18. Nf1 Nd8 19. Ng3 Nde6 20. Qd2 Rfd8 21. c4 b4 22. Ne2 g5 23. Ng3 Ra8 24. b3 f6 25. h4 h6 26. Nf5 Ng6 27. Kg3 Kf7 28. h5 Ne7 29. Nxe7 Qxe7 30. Kh2 Bc8 31. Ng1 Nf8 32. f3 Nd7 33. Ne2 Nb6 34. Ng3 Bd7 35. Nf5 Bxf5 36. exf5 d5 37. Qf2 Bf8 38. f4 Qc7 39. fxg5 hxg5 40. Kg2 Rac8 41. Rbd1 Bh6 42. Qf3 Qc6 43. Bf2 d4 44. Re4 Rg8 45. Rde1 a4 46. Bg3 axb3 47. Bxb3 Rge8 48. Bxe5 Rxe5 49. Rxe5 Qxf3+ 50. Kxf3 fxe5 51. Rxe5 Re8 52. Rxc5 Re3+ 53. Kf2 Bf8 54. Rc6 Nd7 55. Rc7 Ke8 56. Rc8+ Ke7 57. c5 Ne5 58. Rc7+ Kd8 59. Ra7 Nxd3+ 60. Kg2 Nxc5 61. Bc4 d3 62. Kf2 d2 63. Be2 Ra3 64. Rxa3 bxa3 65. Ke3 Ke7 66. Kxd2 Kf6 67. Ke3 Ke5 68. Kf3 Kd4 69. f6 Ne4 70. f7 Nc3 0-1

[Event "Madrid San Viator op-B 27th"]
[Site "Madrid"]
[Date "2016.11.20"]
[Round "9"]
[White "Estevez Sacristan, Deva"]
[Black "Serrano Gonzalez, Oscar"]
[Result "1/2-1/2"]
[WhiteElo "1600"]
[BlackElo "1714"]
[PlyCount "52"]
[EventDate "2016.09.25"]
[EventType "swiss"]
[EventRounds "9"]
[EventCountry "ESP"]
[SourceTitle "EXT 2019"]
[Source "ChessBase"]
[SourceDate "2018.10.10"]
[SourceVersion "1"]
[SourceVersionDate "2018.10.10"]
[SourceQuality "1"]

1. e4 c5 2. Nf3 d6 3. d4 cxd4 4. Nxd4 Nf6 5. Nc3 g6 6. Be3 Bg7 7. f3 Nc6 8. Qd2 0-0 9. Bc4 Bd7 10. 0-0-0 Rb8 11. g4 Na5 12. Bb3 b5 13. Kb1 Nc4 14. Qd3 Nxe3 15. Qxe3 b4 16. Nd5 Nxd5 17. exd5 a5 18. Nc6 Bxc6 19. dxc6 e6 20. g5 Qc7 21. Ba4 d5 22. f4 Rfd8 23. h4 Rd6 24. Qc5 Ra8 25. Bb5 Rb8 26. Ba4 Ra8 1/2-1/2

[Event "Madrid San Viator op-B 27th"]
[Site "Madrid"]
[Date "2016.10.02"]
[Round "2"]
[White "Serrano Gonzalez, Oscar"]
[Black "Lopez Martin, Israel"]
[Result "1-0"]
[WhiteElo "1714"]
[BlackElo "1478"]
[PlyCount "119"]
[EventDate "2016.09.25"]
[EventType "swiss"]
[EventRounds "9"]
[EventCountry "ESP"]
[SourceTitle "EXT 2017"]
[Source "ChessBase"]
[SourceDate "2016.10.25"]
[SourceVersion "1"]
[SourceVersionDate "2016.10.25"]
[SourceQuality "1"]

1. d4 d5 2. c4 c6 3. Nc3 Nf6 4. Nf3 Bg4 5. Ne5 Bh5 6. cxd5 cxd5 7. Qb3 Qb6 8. Nxd5 Qa5+ 9. Nc3 Qb6 10. Qxb6 axb6 11. e3 e6 12. Bb5+ Nbd7 13. Nc4 Kd8 14. e4 Bb4 15. Bd2 Bxc3 16. bxc3 Nxe4 17. Bxd7 Nxd2 18. Kxd2 Kxd7 19. Nxb6+ Kd6 20. Nxa8 Rxa8 21. Rhb1 Rb8 22. Rb6+ Kc7 23. Rab1 Bg6 24. R1b2 Be4 25. g3 Bd5 26. h4 Bxa2 27. R6b5 Bd5 28. c4 Bc6 29. Rh5 Be4 30. Rc5+ Kd6 31. Rb6+ Ke7 32. Ke3 Bg2 33. f3 Ra8 34. Rxb7+ Kf6 35. Rb3 Ra1 36. Rc3 h6 37. Rb5 g5 38. hxg5+ hxg5 39. c5 Bf1 40. Rb8 Ra7 41. c6 Rc7 42. Rb7 Rc8 43. c7 Ba6 44. Rb8 Ke7 45. Rxc8 Bxc8 46. d5 exd5 47. Kd4 Kd6 48. Rc5 f5 49. Rxd5+ Kxc7 50. Rc5+ Kd8 51. Rxc8+ Kxc8 52. Ke5 g4 53. f4 Kd7 54. Kxf5 Ke7 55. Kxg4 Kf7 56. Kf5 Kf8 57. Kf6 Kg8 58. Ke7 Kg7 59. f5 Kg8 60. f6 1-0

[Event "Madrid San Viator op-B 26th"]
[Site "Madrid"]
[Date "2016.06.05"]
[Round "9"]
[White "Tudela Garcia, Antonio"]
[Black "Serrano Gonzalez, Oscar"]
[Result "0-1"]
[WhiteElo "1616"]
[BlackElo "1727"]
[PlyCount "80"]
[EventDate "2016.04.03"]
[EventType "swiss"]
[EventRounds "9"]
[EventCountry "ESP"]
[SourceTitle "EXT 2017"]
[Source "ChessBase"]
[SourceDate "2016.10.25"]
[SourceVersion "1"]
[SourceVersionDate "2016.10.25"]
[SourceQuality "1"]

1. e4 c5 2. Nc3 d6 3. d4 cxd4 4. Qxd4 Nc6 5. Bb5 Bd7 6. Bxc6 bxc6 7. b3 Qb6 8. Qxb6 axb6 9. Bb2 Nf6 10. Nge2 b5 11. Ng3 h5 12. h4 e6 13. a4 b4 14. Nd1 d5 15. e5 Ng8 16. Ne3 Bc5 17. Ke2 Bc8 18. f4 Ba6+ 19. Kf3 g6 20. Ne2 Nh6 21. Nd4 Kd7 22. Rae1 Nf5 23. Ndxf5 gxf5 24. Rh3 Rhg8 25. Rg3 Rxg3+ 26. Kxg3 Rg8+ 27. Kf3 Bxe3 28. Rxe3 c5 29. g3 d4 30. Re1 Bb7+ 31. Kf2 Be4 32. Re2 Kc6 33. Rd2 Rd8 34. Ke2 Rg8 35. Kf2 Rg6 36. Ba1 f6 37. exf6 Rxf6 38. Bb2 Rf7 39. Ba1 Rd7 40. Ke2 Bxc2 0-1

[Event "Madrid-ch sf"]
[Site "Madrid"]
[Date "2016.02.24"]
[Round "9"]
[White "Algaba Traspuesto, Jose Antonio"]
[Black "Serrano Gonzalez, Oscar"]
[Result "1-0"]
[WhiteElo "1635"]
[BlackElo "1718"]
[PlyCount "93"]
[EventDate "2016.02.08"]
[EventType "swiss"]
[EventRounds "9"]
[EventCountry "ESP"]
[SourceTitle "CBM 171 Extra"]
[Source "ChessBase"]
[SourceDate "2016.04.26"]
[SourceVersion "1"]
[SourceVersionDate "2016.04.26"]
[SourceQuality "1"]

1. d4 Nf6 2. Nf3 e6 3. Bf4 b6 4. Nbd2 Bb7 5. e3 d5 6. Bd3 Nbd7 7. Ne5 c5 8. c3 g6 9. Qf3 Nxe5 10. Bxe5 Bg7 11. Bb5+ Ke7 12. g4 a6 13. Bd3 h5 14. g5 Ne8 15. Bxg7 Nxg7 16. Qf6+ Kf8 17. Qf4 Kg8 18. Nf3 Qe7 19. Ne5 Nf5 20. h4 cxd4 21. exd4 Kh7 22. Bxf5 exf5 23. 0-0 Rhe8 24. Rae1 Qc7 25. Nxg6 Qxf4 26. Nxf4 Re4 27. Nxh5 Rg4+ 28. Ng3 f4 29. Re7 Rb8 30. Rxf7+ Kg8 31. Rf6 Rf8 32. Rxb6 Bc8 33. Rg6+ Kh7 34. Rh6+ Kg7 35. Re1 fxg3 36. fxg3 Rxg3+ 37. Kh2 Rgf3 38. Re7+ R8f7 39. Rxf7+ Rxf7 40. Kg3 Re7 41. Kf2 Re6 42. Rxe6 Bxe6 43. Ke3 Kg6 44. Kf4 Bh3 45. Ke5 Bg2 46. c4 dxc4 47. d5 1-0

[Event "Madrid-ch sf"]
[Site "Madrid"]
[Date "2016.02.22"]
[Round "7"]
[White "Perez Cameselle, Francisco Jose"]
[Black "Serrano Gonzalez, Oscar"]
[Result "1-0"]
[WhiteElo "1858"]
[BlackElo "1718"]
[PlyCount "119"]
[EventDate "2016.02.08"]
[EventType "swiss"]
[EventRounds "9"]
[EventCountry "ESP"]
[SourceTitle "CBM 171 Extra"]
[Source "ChessBase"]
[SourceDate "2016.04.26"]
[SourceVersion "1"]
[SourceVersionDate "2016.04.26"]
[SourceQuality "1"]

1. Nf3 Nf6 2. g3 g6 3. Bg2 Bg7 4. 0-0 c5 5. d3 Nc6 6. Nbd2 0-0 7. e4 d6 8. c3 Bd7 9. a4 Rc8 10. Nc4 Be6 11. Qe2 Bxc4 12. dxc4 Nd7 13. Be3 Na5 14. Nd2 Nb6 15. Qd3 Qd7 16. f4 Bh6 17. b3 Bg7 18. Rac1 Nc6 19. Nf3 Bh6 20. Rfd1 Rfd8 21. Qf1 Qe8 22. Bh3 Rb8 23. Qe2 e6 24. Rd3 Na5 25. Nd2 Qe7 26. Qf2 Rbc8 27. f5 Bxe3 28. Rxe3 Nd7 29. Rf1 Ne5 30. f6 Qf8 31. Qf4 Nac6 32. g4 a5 33. g5 Re8 34. Bg2 Kh8 35. Rh3 Qg8 36. Rh6 Rc7 37. Nf3 Rcc8 38. Rd1 Rcd8 39. Ne1 Rd7 40. Nc2 Rc8 41. Ne3 Rdd8 42. h4 Rc7 43. Kh2 Rcd7 44. Kg3 Rc7 45. h5 Rdd7 46. Qh4 Rd8 47. Rh1 Rdd7 48. hxg6 fxg6 49. Bh3 Nd8 50. Ng4 Nef7 51. Bg2 Nxh6 52. Nxh6 Qf8 53. Ng4 Nc6 54. e5 dxe5 55. Be4 Qf7 56. Bxc6 Rxc6 57. Nxe5 Rd3+ 58. Nxd3 Qg8 59. Ne5 Rc7 60. Qh6 1-0

[Event "Madrid San Viator op-B 25th"]
[Site "Madrid"]
[Date "2015.11.22"]
[Round "9"]
[White "Serrano Gonzalez, Oscar"]
[Black "Jimenez Alvaro, Angel"]
[Result "1-0"]
[WhiteElo "1665"]
[BlackElo "1742"]
[PlyCount "61"]
[EventDate "2015.10.04"]
[EventType "swiss"]
[EventRounds "9"]
[EventCountry "ESP"]
[SourceTitle "EXT 2019"]
[Source "ChessBase"]
[SourceDate "2018.10.10"]
[SourceVersion "1"]
[SourceVersionDate "2018.10.10"]
[SourceQuality "1"]

1. e4 e6 2. d4 d5 3. Nc3 Nf6 4. Bg5 Bb4 5. e5 h6 6. Bd2 Bxc3 7. bxc3 Ne4 8. Qg4 Kf8 9. Qf4 Nxd2 10. Qxd2 c5 11. Nf3 c4 12. h4 Nc6 13. h5 b5 14. Nh4 Qg5 15. Nf3 Qxd2+ 16. Kxd2 a5 17. a3 b4 18. axb4 Bb7 19. bxa5 Nxa5 20. Be2 Ke7 21. g4 Ra7 22. Rab1 Rha8 23. Rb2 Bc8 24. g5 hxg5 25. h6 Bd7 26. hxg7 Rg8 27. Rh7 f6 28. Rb8 Kf7 29. Nxg5+ Kg6 30. Bh5+ Kxg5 31. Rxg8 1-0

[Event "Madrid San Viator op-B 25th"]
[Site "Madrid"]
[Date "2015.10.18"]
[Round "4"]
[White "Serrano Gonzalez, Oscar"]
[Black "Fogue Caro, David"]
[Result "1-0"]
[WhiteElo "1665"]
[BlackElo "1568"]
[PlyCount "123"]
[EventDate "2015.10.04"]
[EventType "swiss"]
[EventRounds "9"]
[EventCountry "ESP"]
[SourceTitle "EXT 2019"]
[Source "ChessBase"]
[SourceDate "2018.10.10"]
[SourceVersion "1"]
[SourceVersionDate "2018.10.10"]
[SourceQuality "1"]

1. e4 c5 2. Nf3 e6 3. d4 cxd4 4. Nxd4 a6 5. c4 Qc7 6. Be2 Nf6 7. Qc2 Nc6 8. Nxc6 dxc6 9. 0-0 Be7 10. Be3 c5 11. Nc3 b6 12. f4 Bb7 13. e5 Nd7 14. Bf3 Bxf3 15. Rxf3 0-0-0 16. a4 f6 17. a5 fxe5 18. axb6 Qxb6 19. Qa4 Nb8 20. Ne4 Rd7 21. Bd2 Rb7 22. Bc3 Qb3 23. Bxe5 Qxa4 24. Rxa4 Rb4 25. Rxb4 cxb4 26. Bxg7 Rd8 27. f5 exf5 28. Rxf5 Re8 29. g4 Rg8 30. Rf7 Kd8 31. Be5 Rxg4+ 32. Ng3 Nd7 33. Bf4 h5 34. Kf2 Nc5 35. Ke3 h4 36. Nf5 Bg5 37. Bxg5+ Rxg5 38. Nxh4 Rh5 39. Nf3 Rh3 40. Kd4 Nb3+ 41. Kd5 Rh6 42. c5 Na5 43. h4 b3 44. Rg7 Rf6 45. Ne5 Rf2 46. Nd3 Rf6 47. Rg2 Rh6 48. Rh2 Kd7 49. Ne5+ Kc7 50. Nc4 Rh5+ 51. Kd4 Nc6+ 52. Kc3 Rxc5 53. Kxb3 Nd4+ 54. Kb4 Kc6 55. Ne3 a5+ 56. Ka3 Nb5+ 57. Ka2 Re5 58. Nc4 Re4 59. Nxa5+ Kc5 60. Nb3+ Kb4 61. h5 Re3 62. Rh4+ 1-0